000 00771nam a2200241Ia 4500
003 OSt
005 20220930194932.0
006 a|||||r|||| 00| 0
007 ta
008 220926b |||||||| |||| 00| 0 eng d
024 _a13420
037 _cDissertations
040 _aCRL
_cCRL
_beng
041 _2eng
_aeng
100 _aRoll No. 11
_9562493
110 _aUniversity of Delhi. Faculty of Arts. Department of Library and Information Science
_9519370
245 0 _aStudy of evolution and evaluation of rules for corporate authors
260 _c1966
650 _aLIBRARY SCIENCE
700 _aUniversity of Delhi. Faculty of Arts. Department of Library and Information Science
_9519372
942 _cDIS
_2CC
999 _c898348
_d898348